Краткий повторительный курс новой истории (Запись № 5845308)

Подробности
000 -МАРКЕР
контрольное поле 01882nam0a22003371 4500
001 - ИДЕНТИФИКАТОР ЗАПИСИ
контрольное поле v19\rc\1836336
005 - ИДЕНТИФИКАТОР ВЕРСИИ
контрольное поле 20260503053247.0
035 ## - ДРУГИЕ СИСТЕМНЫЕ НОМЕРА
Идентификатор записи (NLR Aleph) 005255274
100 ## - ДАННЫЕ ОБЩЕЙ ОБРАБОТКИ
Данные общей обработки 20071224d1908 |||y0rusy50 ca
101 0# - ЯЗЫК РЕСУРСА
Язык текста, звукозаписи и т.д. русский
102 ## - СТРАНА ПУБЛИКАЦИИ ИЛИ ПРОИЗВОДСТВА
Страна публикации Российская Федерация
105 ## - ПОЛЕ КОДИРОВАННЫХ ДАННЫХ: ТЕКСТОВЫЕ МАТЕРИАЛЫ, МОНОГРАФИЧЕСКИЕ
Кодированные данные о монографическом текстовом документе y z |||||
200 1# - ЗАГЛАВИЕ И СВЕДЕНИЯ ОБ ОТВЕТСТВЕННОСТИ
Основное заглавие Краткий повторительный курс новой истории
Сведения, относящиеся к заглавию Сост. по учеб.: Виноградова, Иванова, Иловайского и Кареева А. М-с
210 ## - ПУБЛИКАЦИЯ, РАСПРОСТРАНЕНИЕ И ДР.
Место издания, распространения и т.д. Киев
Имя издателя, распространителя и т. д. кн. маг. С.И. Иванова
Дата издания, распространения и т.д. 1908
215 ## - ФИЗИЧЕСКАЯ ХАРАКТЕРИСТИКА
Специфическое обозначение материала и объем 216 с.
Размеры 12
225 1# - СЕРИЯ
Основное заглавие серии Серия учебных пособий
Обозначение тома 3
300 ## - ОБЩИЕ ПРИМЕЧАНИЯ
Текст примечания Авт. установлен по изд.: Рус. аноним. и подпис. псевд. произведения печати, 1801-1926. Л., 1977. Вып. 1. С. 142; по аналогии с др. его произведениями
700 #1 - ИМЯ ЛИЦА - ПЕРВИЧНАЯ ОТВЕТСТВЕННОСТЬ
Код отношения Составитель
Начальный элемент ввода Мирлес
Часть имени, кроме начального элемента ввода А. А.
Даты 1879-
Расширение инициалов личного имени Александр Акимович
Системный номер авторитетной/нормативной записи 127611
Идентификатор авторитетной/нормативной записи RU\NLR\AUTH\770127636
702 #1 - ИМЯ ЛИЦА - ВТОРИЧНАЯ ОТВЕТСТВЕННОСТЬ
Код отношения Библиографический предшественник
Графика поля Кириллица
Материалы, к которым относится поле rus
Начальный элемент ввода Иванов
Часть имени, кроме начального элемента ввода К. А.
Дополнения к именам, кроме дат историк
Даты 1858-1919
Расширение инициалов личного имени Константин Алексеевич
Системный номер авторитетной/нормативной записи 21362
Идентификатор авторитетной/нормативной записи RU\NLR\AUTH\7738378
702 #1 - ИМЯ ЛИЦА - ВТОРИЧНАЯ ОТВЕТСТВЕННОСТЬ
Код отношения Библиографический предшественник
Графика поля Кириллица
Материалы, к которым относится поле rus
Начальный элемент ввода Иловайский
Часть имени, кроме начального элемента ввода Д. И.
Дополнения к именам, кроме дат историк
Даты 1832-1920
Расширение инициалов личного имени Дмитрий Иванович
Системный номер авторитетной/нормативной записи 3656
Идентификатор авторитетной/нормативной записи RU\NLR\AUTH\7720588
702 #1 - ИМЯ ЛИЦА - ВТОРИЧНАЯ ОТВЕТСТВЕННОСТЬ
Код отношения Библиографический предшественник
Графика поля Кириллица
Материалы, к которым относится поле rus
Начальный элемент ввода Кареев
Часть имени, кроме начального элемента ввода Н. И.
Даты 1850-1931
Расширение инициалов личного имени Николай Иванович
Системный номер авторитетной/нормативной записи 116394
Идентификатор авторитетной/нормативной записи RU\NLR\AUTH\776440
702 #1 - ИМЯ ЛИЦА - ВТОРИЧНАЯ ОТВЕТСТВЕННОСТЬ
Код отношения Библиографический предшественник
Графика поля Кириллица
Материалы, к которым относится поле rus
Начальный элемент ввода Виноградов
Часть имени, кроме начального элемента ввода П. Г.
Дополнения к именам, кроме дат историк
Даты 1854-1925
Расширение инициалов личного имени Павел Гаврилович
Системный номер авторитетной/нормативной записи 45850
Идентификатор авторитетной/нормативной записи RU\NLR\AUTH\7762920
790 #1 - ИМЯ ЛИЦА - АЛЬТЕРНАТИВНАЯ ФОРМА
Системный номер авторитетной/нормативной записи z01700
Начальный элемент ввода М-с
Часть имени, кроме начального элемента ввода А.
Даты 1879-
801 #0 - ИСТОЧНИК ЗАПИСИ
Страна Российская Федерация
Организация NLR
Дата составления 20071224
Правила каталогизации psbo
801 #0 - ИСТОЧНИК ЗАПИСИ
Страна Российская Федерация
Организация RuMoRGB
Дата составления 20071224
Источник данных psbo
801 #1 - ИСТОЧНИК ЗАПИСИ
Страна Российская Федерация
Организация ProSoft-M
Дата составления 20071224
Источник данных rusmarc
801 #2 - ИСТОЧНИК ЗАПИСИ
Страна Российская Федерация
Организация NLR
Дата составления 20080314
Источник данных rusmarc
852 ## - МЕСТОНАХОЖДЕНИЕ И ШИФР ХРАНЕНИЯ
Идентификатор организации NLR
Шифр хранения (Call Number) 38.35.8.23
942 ## - ДОПОЛНИТЕЛЬНЫЕ ЭЛЕМЕНТЫ ЗАПИСИ (АБИС)
Тип экземпляра АБИС Книга
980 ## - КОЛЛЕКЦИЯ
Название коллекции Национальная библиография
Экземпляры
Тип экземпляра Дата поступления Библиотека постоянного хранения Библиотека текущего хранения Место хранения Шифр хранения Штрих-код Статус экземпляра
Книга 26.10.2013 РНБ (Садовая) РНБ (Садовая) Русский книжный фонд -Главное здание, Ленинский читальный зал 38.35.8.23 5255274-10